Computer networking : (Record no. 11689)
[ view plain ]
| 000 -LEADER | |
|---|---|
| fixed length control field | 01031nac a22002411u 4500 |
| 008 - FIXED-LENGTH DATA ELEMENTS--GENERAL INFORMATION | |
| fixed length control field | 090530t xxu||||| |||| 00| 0 eng d |
| 010 ## - LIBRARY OF CONGRESS CONTROL NUMBER | |
| LC control number | 2004044284 |
| 020 ## - INTERNATIONAL STANDARD BOOK NUMBER | |
| International Standard Book Number | 9780321513250 |
| 020 ## - INTERNATIONAL STANDARD BOOK NUMBER | |
| International Standard Book Number | 0321513258 |
| 082 00 - DEWEY DECIMAL CLASSIFICATION NUMBER | |
| Classification number | 004.678 |
| Item number | KUR |
| 100 ## - MAIN ENTRY--PERSONAL NAME | |
| Personal name | Kurose, James F. |
| 9 (RLIN) | 5614 |
| 245 10 - TITLE STATEMENT | |
| Title | Computer networking : |
| Remainder of title | A top-down approach / |
| Statement of responsibility, etc | James F. Kurose, Keith W. Ross; International edition adapted by Bhojan Anand. |
| 250 ## - EDITION STATEMENT | |
| Edition statement | 4th ed. |
| Remainder of edition statement | Pearson International Edition. |
| 260 ## - PUBLICATION, DISTRIBUTION, ETC. (IMPRINT) | |
| Place of publication, distribution, etc | Boston : |
| Name of publisher, distributor, etc | Pearson/Addison Wesley, |
| Date of publication, distribution, etc | c2008. |
| 300 ## - PHYSICAL DESCRIPTION | |
| Extent | 878 p. : |
| Other physical details | ill. ; |
| Dimensions | 24 cm. |
| 504 ## - BIBLIOGRAPHY, ETC. NOTE | |
| Bibliography, etc | Includes bibliographical references and index. |
| 650 #0 - SUBJECT ADDED ENTRY--TOPICAL TERM | |
| Topical term or geographic name as entry element | Internet. |
| 9 (RLIN) | 5615 |
| 650 #0 - SUBJECT ADDED ENTRY--TOPICAL TERM | |
| Topical term or geographic name as entry element | Computer networks. |
| 9 (RLIN) | 5616 |
| 700 1# - ADDED ENTRY--PERSONAL NAME | |
| Personal name | Ross, Keith W., |
| Dates associated with a name | 1956- |
| 9 (RLIN) | 5617 |
| 700 1# - ADDED ENTRY--PERSONAL NAME | |
| Personal name | Anand, Bhojan, |
| 9 (RLIN) | 5618 |
| 942 ## - ADDED ENTRY ELEMENTS (KOHA) | |
| Item type | Book - Borrowing |
| Call number prefix | 004.678KUR |
| Source of classification or shelving scheme | Dewey Decimal Classification |
| Withdrawn status | Item status | Source of classification or shelving scheme | Damaged status | Not for loan | Vendor | Home library | Current library | Shelving location | Date acquired | Source of acquisition | Cost, normal purchase price | Serial Enumeration / chronology | Total Checkouts | Total Renewals | Full call number | Barcode | Date last seen | Date last borrowed | Koha item type |
|---|---|---|---|---|---|---|---|---|---|---|---|---|---|---|---|---|---|---|---|
| Dewey Decimal Classification | Alahram | Central Library | Central Library | Lower Floor | 30/05/2009 | 225.00 | 378 | 5 | 35 | 004.678 KUR | 000016543 | 15/07/2025 | 22/12/2016 | Book - Borrowing |